000 00286nam a22001337a 4500
008 170807b xxu||||| |||| 00| 0 eng d
020 _ax0009m8l5b
041 _aeng
080 _a004
100 _a33
101 _aSHKI
245 _aDREAMWEAVER CS4
_cMCFARLAD, D.S
942 _2udc
_cBK
999 _c22761
_d22761